000 00290nam a2200121Ia 4500
008 191201s2013 xx 000 0 und d
100 _aKANETKAR, Yashavant
245 0 _aLet us C Solutions
250 _aRev
260 _c2013
_bBPB Publication
_aNew Delhi
300 _a458
942 _2ddc
_cBK
999 _c7869
_d7869